000 00457nam a22001577a 4500
005 20240807074319.0
008 240807b |||||||| |||| 00| 0 eng d
041 _aEnglish
082 _a349 SOU
100 _lEnglish
245 _aTransvaal Law Reports
260 _aGrahamstown; Cape Colony:
_bAfrican Book Company Ltd,
_c1903
300 _bxxxvi, 268 pages;
_c25 cm.
650 _aLegal practice
_bLaw
942 _cBK
_6ALISON_BN_VRIES
999 _c2468
_d2468